[Event "CFriend SI-2003-0-00007 email"]
[Site "Chessfriend.com"]
[Date "2003.04.30"]
[Round "?"]
[White "Korobeynikov, Alexandr"]
[Black "Delooz, Philippe"]
[Result "0-1"]
[WhiteElo "1824"]
[BlackElo "1598"]
[PlyCount "46"]
[EventDate "2003.04.30"]
[EventType "tourn (corr)"]
[EventRounds "12"]
[SourceTitle "Corr 2008"]
[Source "ChessBase"]
[SourceDate "2008.06.24"]
[SourceVersion "1"]
[SourceVersionDate "2008.06.24"]
[SourceQuality "1"]

1. e4 c6 2. d3 d5 3. Nd2 e5 4. g3 Nf6 5. Bg2 dxe4 6. dxe4 Bc5 7. Ngf3 0-0 8. 0-0 Nbd7 9. c3 Re8 10. Qe2 a5 11. a4 b6 12. h3 Ba6 13. Nc4 b5 14. axb5 Bxb5 15. b3 Nb6 16. Rd1 Qe7 17. Nfd2 a4 18. b4 Bd6 19. Bf1 Qe6 20. f3 Red8 21. Ba3 Bc7 22. h4 Ne8 23. h5 Nd6 0-1